[Event "LSS OP-2007-0-00325"]
[Site "LSS email"]
[Date "2007.06.30"]
[Round "?"]
[White "Borshosh, Alexandr"]
[Black "Quaranta, Cristiano"]
[Result "0-1"]
[WhiteElo "800"]
[BlackElo "1734"]
[PlyCount "26"]
[EventDate "2007.06.26"]
[EventType "tourn (corr)"]
[EventRounds "4"]
[EventCountry "GER"]
[SourceTitle "Corr 2015"]
[Source "ChessBase"]
[SourceDate "2015.07.17"]
[SourceVersion "1"]
[SourceVersionDate "2015.07.17"]
[SourceQuality "1"]

1. e4 e6 2. d4 d5 3. e5 c5 4. Nf3 Nc6 5. c3 Bd7 6. Be2 f6 7. Bf4 Qb6 8. b3 g5 9. Nxg5 fxg5 10. Bh5+ Kd8 11. Bxg5+ Be7 12. Be3 cxd4 13. cxd4 Bb4+ 0-1

[Event "LSS RN-2007-0-00057"]
[Site "LSS email"]
[Date "2007.06.30"]
[Round "?"]
[White "Petidis, Kostas"]
[Black "Borshosh, Alexandr"]
[Result "1-0"]
[WhiteElo "675"]
[BlackElo "800"]
[PlyCount "27"]
[EventDate "2007.06.28"]
[EventType "tourn (corr)"]
[EventRounds "6"]
[EventCountry "GER"]
[SourceTitle "Corr 2015"]
[Source "ChessBase"]
[SourceDate "2015.07.17"]
[SourceVersion "1"]
[SourceVersionDate "2015.07.17"]
[SourceQuality "1"]

1. e4 e6 2. d4 d5 3. Nc3 c5 4. Nf3 cxd4 5. Nxd4 e5 6. Nf3 d4 7. Nb1 Nf6 8. Bd3 Nc6 9. Bg5 Be7 10. 0-0 0-0 11. a3 Bg4 12. h3 Bh5 13. Re1 h6 14. Bh4 1-0